Представление документа в формате RUSMARC

ПолеНазваниеЗначение
  Тип записи a
  Библиографический уровень m
001 Контрольный номер RU/УОНБ/EK_INO/453920776
005 Дата корректировки 20241101133212.2
010 Индекс ISBN __
a ISBN 978-3-7774-4921-0
d Цена 150 p.
b Уточнения в пер.
100 Данные общей обработки __
a Данные общей обработки 20140520d2012 u y0gery018901 ba
101 Язык документа 0_
a Язык текста ger
102 Страна публикации __
a Страна публикации DE
105 Кодированные данные (монография) __
a Кодированные данные (монография) a z 000yy
200 Заглавие и сведения об ответственности 1_
a Заглавие Otto Dix in chemnitz
f Первые сведения об ответственности T. Bauer-Friedrich
g Последующие сведения об ответственности hrsg. von I. Mossinger
g Последующие сведения об ответственности mit einer Einf. von R. Beck
210 Выходные данные 1_
a Место издания Berlin
c Издательство Hirmer
d Дата издания 2012
215 Физическое описание __
a Объем 207 S.
c Иллюстрации/тип воспроизводства Ill.
d Формат 30 см
225 Серия 1_
a Серия Kunstsammlung Chemnitz
e Сведения, относящиеся к заглавию серии Museum Gunzerhauser
300 Общие примечания __
a Общие примечания Кн. получена из Немецкого культурного центра им. Гёте в Москве
600 Персоналии _1
a Персоналии (Фамилия) Дикс, Отто
606 Тематические рубрики 0_
a Основная рубрика Немецкая живопись
z Хронологическая подрубрика 20 в.
686 Индексы других классификаций __
a Классификационный индекс 85.14 Нем
2 Код системы rubbk
700 Автор _1
a Фамилия Bauer-Friedrich
b Имя (инициалы) T.
g Полное личное имя Thomas
702 Вторичная интеллектуальная ответственность _1
a Фамилия Mossinger
b Имя (инициалы) I.
4 Код отношения 220
702 Вторичная интеллектуальная ответственность _1
a Фамилия Beck
b Имя (инициалы) R.
4 Код отношения 080
801 Источник записи _0
a Страна RU
b Организация Ульяновская ОНБ
c Дата составления 20140520
g Правила каталогизации RCR
801 Источник записи _1
a Страна RU
b Организация Ульяновская ОНБ
c Дата составления 20140520
g Правила каталогизации RCR
901 Тип документа __
t Тип документа m
909 Создатель записи __
a Создатель записи Дырина
938 Служебная информация __
a Имя БД ino
b Имя библиотеки УОНБ
c Имя АИБС МАРК-SQL
d Номер DOC_ID в БД 14595